Statistiken für Beste Champions League Torschützen Juventus Turin

Klicken Sie hier um das Quiz zu spielen!

Allgemein

  • Dieses Quiz wurde 141 mal gespielt
  • Das Durchschnittsergebnis liegt bei 19 aus 36

Antwortstatistiken

SaisonNationalitätToreSpieler% Korrekt
2021/22Portugal6Cristiano Ronaldo
97%
2020/21Portugal4Cristiano Ronaldo
97%
2019/20Portugal4Cristiano Ronaldo
97%
2018/19Portugal6Cristiano Ronaldo
97%
2022/23USA2Weston McKennie
81%
2002/03Tschechien5Pavel Nedvěd
73%
2004/05Tschechien2Pavel Nedvěd
73%
2022/23Polen2Arkadiusz Milik
72%
1996/97Italien4Alessandro Del Piero
71%
1997/98Italien10Alessandro Del Piero
71%
2002/03Italien5Alessandro Del Piero
71%
2004/05Italien2Alessandro Del Piero
71%
2008/09Italien5Alessandro Del Piero
71%
1995/96Italien6Alessandro Del Piero
71%
2015/16Kroatien2Mario Mandžukić
71%
2015/16Spanien2Álvaro Morata
66%
2013/14Chile5Arturo Vidal
66%
2016/17Argentinien5Gonzalo Higuaín
66%
2017/18Argentinien5Gonzalo Higuaín
66%
2022/23Frankreich2Adrien Rabiot
59%
2020/21Italien4Federico Chiesa
59%
2014/15Argentinien7Carlos Tévez
47%
2001/02Frankreich8David Trezeguet
47%
2009/10Frankreich1David Trezeguet
47%
2003/04Frankreich4David Trezeguet
47%
2005/06Frankreich6David Trezeguet
47%
2009/10Italien1Giorgio Chiellini
35%
1996/97Italien4Christian Vieri
26%
2000/01Italien5Filippo Inzaghi
23%
1998/99Italien6Filippo Inzaghi
23%
2012/13Italien4Fabio Quagliarella
7%
2009/10Italien1Mauro Camoranesi
7%
1996/97Kroatien4Alen Bokšić
3%
2009/10Italien1Vincenzo Iaquinta
3%
2004/05Uruguay2Marcelo Zalayeta
2%
1996/97Italien4Nicola Amoruso
0%

Verteilung der Resultate

Perzentil nach korrekt beantworteten Fragen

Anzahl Personen mit jedem Resultat

Ihre Resultats-Entwicklung

Sie haben dieses Quiz noch nicht gespielt